Arena
| Format: | Serial |
|---|---|
| Language: | Undetermined |
| Published: |
[S.l.]
[s.n.]
1963
|
MARC
| LEADER | 00000cas a2200000 a 4500 | ||
|---|---|---|---|
| 001 | vtls001472039 | ||
| 003 | SK-MaSNL | ||
| 005 | 20260221114523.0 | ||
| 008 | 040326|uuuuuuuuxx || 0 0 0und d | ||
| 035 | |a SNK000427341 | ||
| 040 | |a SNK |b slo |c SNK |e AACR2 | ||
| 245 | 0 | 0 | |a Arena |
| 260 | |a [S.l.] |b [s.n.] |c 1963 | ||
| 910 | |a snk | ||
| 999 | |c 3850 |d 5780 | ||
| 952 | |0 0 |1 0 |4 0 |7 0 |8 2 |a SNK |b SNK |d 2004-03-26 |i snkV 344/68 |l 0 |o snkČSD 417/1963/16 |p 17A0423951 |r 2005-01-02 00:00:00 |w 2026-02-21 |y PREZ | ||
| 952 | |0 0 |1 0 |4 0 |7 0 |8 2 |a SNK |b SNK |d 2004-03-26 |i snkV 3302/91 |l 0 |o snkČSD 417/1963/16 D1 |p 17A0423970 |r 2005-01-02 00:00:00 |w 2026-02-21 |y PREZ | ||


